| 000 | 01039 a2200241 4500 | ||
|---|---|---|---|
| 005 | 20260327163855.0 | ||
| 008 | 260327b |||||||| |||| 00| 0 eng d | ||
| 020 | _a9788173098529 (pbk) | ||
| 037 | _cTB | ||
| 040 |
_aCRL _cCRL |
||
| 041 |
_2hin _ahin |
||
| 084 |
_aO152,3N57,SH Q5 _qCRL |
||
| 100 |
_aसिंह, ठाकुर जगमोहन _9862629 |
||
| 245 | _aश्यामास्वप्न | ||
| 260 |
_aनई दिल्ली, भारत: _bसस्ता साहित्य मण्डल प्रकाशन, _c2015. |
||
| 300 | _a142पृ. | ||
| 365 |
_b110.00 _cINR |
||
| 650 | _aहिन्दी कहानी | ||
| 650 | _aहिन्दी साहित्य | ||
| 700 |
_aमिश्र, राजेन्द्र _eसम्पादक _9158122 |
||
| 942 |
_cTB _2CC _hO152,3N57,SH Q5 |
||
| 999 |
_c1467132 _d1467132 |
||